Click Hawaiian Islands on a Map - Statistics

General Stats
  • This quiz has been taken 42 times
  • The average score is 6 of 8
Answers on the Map
Answers color-coded by a green-red scale on the quiz's map according to % correct below.
 
Answer Stats
Answer % Correct
Hawaiʻi
100%
Lānaʻi
78%
Oʻahu
72%
Maui
69%
Kauaʻi
66%
Niʻihau
63%
Molokaʻi
59%
Kahoʻolawe
53%
No matching quizzes found
Score Distribution
Percent of People with Each Score
Percentile by Number Answered
Your Score History
You have not taken this quiz